000 01195nam a22002657a 4500
005 20170124103059.0
010 _aB-066903
020 _c200.00
_a8188197084
035 _aB-066903
037 _bCen Lib/Ret
040 _aDPL
_bHN
082 _a
_bशरतस
100 _aशरत, सत्येन्द्र
_942961
245 _aशरतसत्येन्द्र की श्रेष्ठ कहानियां /
_cसंपादक शरत सत्येन्द्र
246 _aSatyendrasharat ki shreshth kahaniyan /
_bsampadak Satyendra Sharat
260 _aदिल्ली
_bकविता बुक सेंटर
_c2002
270 _aई-5/13, लाजपतनगर चौक, कृष्णनगर
_bदिल्ली
_e110051
300 _a200पृ.
_c21सेमी (सजिल्द )
650 _aसाहित्य--कहानियां
_x
_z
_9105066
650 _aहिंदी कहानियां
_v
_943306
650 _aLiterature--Stories
_9105067
650 _aHindi Stories
_9105068
700 _aसत्येन्द्र, शरत
_943331
942 _2ddc
_cHN
_h
_mशरतस
999 _c117643
_d117643